5HLuxD.jpg

KING HENRY VIII SENIOR AND PRIMARY SCHOOL LIBRARY OPAC

The trial ; Metamorphosis ; In the penal colony : (Record no. 2991)

000 -LEADER
fixed length control field 00834cam a2200277 a 4500
001 - CONTROL NUMBER
control field 1519472
003 - CONTROL NUMBER IDENTIFIER
control field OSt
005 - DATE AND TIME OF LATEST TRANSACTION
control field 20230914113405.0
008 - FIXED-LENGTH DATA ELEMENTS--GENERAL INFORMATION
fixed length control field 891215s1988 enka 000 0 eng
010 ## - LIBRARY OF CONGRESS CONTROL NUMBER
LC control number 89217184
020 ## - INTERNATIONAL STANDARD BOOK NUMBER
International Standard Book Number 090639984X
020 ## - INTERNATIONAL STANDARD BOOK NUMBER
International Standard Book Number 9780906399842
040 ## - CATALOGING SOURCE
Original cataloging agency DLC
Transcribing agency DLC
Modifying agency DLC
-- KH8
082 00 - DEWEY DECIMAL CLASSIFICATION NUMBER
Classification number 822.914 BER
Edition number 20
100 1# - MAIN ENTRY--PERSONAL NAME
Personal name Berkoff, Steven,
Relator term author.
240 10 - UNIFORM TITLE
Uniform title Plays.
Form subheading Selections
245 14 - TITLE STATEMENT
Title The trial ; Metamorphosis ; In the penal colony :
Remainder of title three theatre adaptations from Franz Kafka /
Statement of responsibility, etc. Steven Berkoff.
260 ## - PUBLICATION, DISTRIBUTION, ETC.
Place of publication, distribution, etc. Oxford :
Name of publisher, distributor, etc. Amber Lane Press,
Date of publication, distribution, etc. 1988.
300 ## - PHYSICAL DESCRIPTION
Extent 142 p. :
Other physical details ill. ;
Dimensions 19 cm.
600 10 - SUBJECT ADDED ENTRY--PERSONAL NAME
Personal name Kafka, Franz,
Dates associated with a name 1883-1924
General subdivision Adaptations.
700 1# - ADDED ENTRY--PERSONAL NAME
Personal name Kafka, Franz,
Dates associated with a name 1883-1924.
740 0# - ADDED ENTRY--UNCONTROLLED RELATED/ANALYTICAL TITLE
Uncontrolled related/analytical title Trial.
740 0# - ADDED ENTRY--UNCONTROLLED RELATED/ANALYTICAL TITLE
Uncontrolled related/analytical title Metamorphosis.
740 0# - ADDED ENTRY--UNCONTROLLED RELATED/ANALYTICAL TITLE
Uncontrolled related/analytical title In the penal colony.
942 ## - ADDED ENTRY ELEMENTS (KOHA)
Source of classification or shelving scheme
Koha item type Teaching Resources
Holdings
Withdrawn status Lost status Source of classification or shelving scheme Damaged status Not for loan Collection code Permanent Location Current Location Shelving location Date acquired Full call number Barcode Date last seen Price effective from Koha item type
          Teaching Resources KH8 Senior School Library KH8 Senior School Library Staff Office 2023-09-14 822.914 BER TRKHSL003175 2025-07-04 2023-09-14 Teaching Resources
          Teaching Resources KH8 Senior School Library KH8 Senior School Library Staff Office 2023-09-14 822.914 BER TRKHSL003176 2025-07-04 2023-09-14 Teaching Resources

Powered By KH8 IT Dept